| 000 | 00416nam a22001817a 4500 | ||
|---|---|---|---|
| 003 | MPLRDC | ||
| 005 | 20220104173148.0 | ||
| 008 | 210129b ||||| |||| 00| 0 eng d | ||
| 020 | _a983-50-3190-8 | ||
| 082 | _a859.61 SCI v.2 | ||
| 100 | _aLOW SWEE NEO | ||
| 245 |
_aSCIENCE 2 _c |
||
| 250 | _a初版 | ||
| 260 |
_a _bPELANGI _c |
||
| 300 | _b平 | ||
| 650 | _aCHILDREN LITERATURE | ||
| 942 |
_cBK _o859.61 SCI v.2 |
||
| 999 |
_c59289 _d59279 |
||